000 00198 a2200097 4500
001 48710
100 _aNaheed
245 _a555 Kany
260 _aLondon
_bJang publishers
_c
090 _c31623
_d31623
942 _aNUST-CAE
_cM
_c24029
999 _c283783
_d283783